[Event "WchT Blitz Pool D"]
[Site "London"]
[Date "2025.06.14"]
[Round "7.1"]
[White "Orozbaev, Eldiar"]
[Black "Cancedda Dupuis, Livio"]
[Result "1/2-1/2"]
[WhiteElo "2367"]
[BlackElo "2053"]
[PlyCount "142"]
[EventDate "2025.06.14"]
[EventType "team-tourn"]
[EventRounds "13"]
[EventCountry "ENG"]
[SourceTitle "CB25_2025"]
[SourceDate "2025.06.18"]
[SourceVersion "1"]
[SourceVersionDate "2025.06.18"]
[SourceQuality "1"]
[WhiteTeam "Kyrgyzstan Noval Group"]
[BlackTeam "The London Legends"]
[WhiteTeamCountry "KGZ"]
[BlackTeamCountry "ENG"]

1. e4 c5 2. c3 Nf6 3. e5 Nd5 4. d4 cxd4 5. Nf3 Nc6 6. cxd4 d6 7. Bc4 dxe5 8. Bxd5 Qxd5 9. Nc3 Qd6 10. d5 Nd4 11. Nxd4 exd4 12. Qxd4 e5 13. Qe4 Be7 14. f4 exf4 15. Bxf4 Qb4 16. d6 Qxe4+ 17. Nxe4 Bd8 18. 0-0 0-0 19. Rac1 Be6 20. Nc5 Bxa2 21. Nxb7 Bb6+ 22. Nc5 Rac8 23. Be3 Rfd8 24. Rfd1 Rc6 25. d7 Be6 26. Kf2 Bxc5 27. Bxc5 Rxd7 28. b4 a6 29. Rxd7 Bxd7 30. Rd1 Be8 31. Rd8 Re6 32. h4 h6 33. g4 Kh7 34. Kg3 Bb5 35. Rb8 Rf6 36. Rb7 Rf3+ 37. Kxf3 Bc6+ 38. Kf4 Bxb7 39. g5 Kg6 40. Bf8 Bc8 41. Be7 hxg5+ 42. hxg5 Bd7 43. Bd8 Bb5 44. Be7 Bd7 45. Bd8 Kh7 46. Ke5 Kg8 47. Kd6 Bb5 48. Be7 Bc4 49. Kc5 Bf1 50. Kd4 Kh7 51. Ke5 Kg6 52. Kf4 Bd3 53. Ke5 Kh5 54. Kf4 Bc4 55. Bf8 Kg6 56. Be7 Be6 57. Bf8 f6 58. gxf6 Kxf6 59. Ke3 g5 60. Kd2 Kf5 61. Kc3 Ke4 62. Kb2 Kd5 63. Ka1 g4 64. Bc5 a5 65. Kb2 Kc4 66. Ka3 Bd7 67. Bd6 g3 68. Bxg3 axb4+ 69. Kb2 b3 70. Be5 Kd5 71. Kxb3 Kxe5 1/2-1/2

[Event "British Rapidplay"]
[Site "Peterborough"]
[Date "2025.03.02"]
[Round "11"]
[White "Lishoy Gengis Paratazham, Dildarav"]
[Black "Cancedda Dupuis, Livio"]
[Result "0-1"]
[WhiteElo "2071"]
[BlackElo "2053"]
[PlyCount "172"]
[EventDate "2025.03.01"]
[EventType "swiss (rapid)"]
[EventRounds "11"]
[EventCountry "ENG"]
[SourceTitle "CB10_2025"]
[SourceDate "2025.03.05"]
[SourceVersion "1"]
[SourceVersionDate "2025.03.05"]
[SourceQuality "1"]

1. d4 Nf6 2. Nf3 d5 3. Nbd2 Bf5 4. e3 e6 5. b3 c5 6. Bb2 Nc6 7. a3 Rc8 8. Be2 cxd4 9. exd4 Bd6 10. Rc1 Qe7 11. b4 0-0 12. 0-0 Ne4 13. c4 Qd7 14. Nxe4 dxe4 15. Ne5 Bxe5 16. dxe5 Qe7 17. Qd2 Rfd8 18. Qe3 Qc7 19. f4 exf3 20. Bxf3 Rd3 21. Qf4 Rcd8 22. Rfd1 Rxd1+ 23. Rxd1 Rxd1+ 24. Bxd1 f6 25. Qe3 fxe5 26. b5 Qd6 27. bxc6 Qxd1+ 28. Kf2 bxc6 29. Qxe5 Qd7 30. Bd4 a6 31. Qb8+ Kf7 32. Qe5 Kg8 33. Qb8+ Kf7 34. Qe5 Ke8 35. Qb8+ Ke7 36. Qe5 Ke8 37. Qb8+ Qd8 38. Qe5 c5 39. Bxc5 Qh4+ 40. Kg1 Qxc4 41. Qb8+ Kf7 42. Qc7+ Kg6 43. Qg3+ Kf6 44. Qe3 e5 45. h3 h6 46. Bb4 Qc6 47. Bc3 Qd6 48. Bb4 Qd1+ 49. Kh2 Qd4 50. Qe2 Bd3 51. Qd1 Kf7 52. Qh5+ Kg8 53. Qf3 Kh7 54. Bd2 Bg6 55. Qe3 Qd6 56. Kg1 e4 57. Kf1 Qf6+ 58. Kg1 Qe6 59. Kf1 Be8 60. Kg1 Bb5 61. Qf2 Bd3 62. Be3 a5 63. Qf8 a4 64. Bd4 Qd7 65. Qc5 Qf7 66. Qe5 Qg6 67. Qc7 e3 68. Bxe3 Be4 69. g4 Qf6 70. Qf4 Qa1+ 71. Kh2 Qb2+ 72. Bf2 Qe2 73. Qe3 Qc4 74. Qd4 Qc7+ 75. Bg3 Qc2+ 76. Bf2 Bc6 77. Qf4 Be4 78. Qe3 Kh8 79. Qf4 Qb1 80. Bg1 Kh7 81. Qe3 Qc2+ 82. Bf2 Bb7 83. Qf4 Qc6 84. Qf5+ Kg8 85. Kg3 g5 86. Qc5 Qg2# 0-1

[Event "British Rapidplay"]
[Site "Peterborough"]
[Date "2025.03.01"]
[Round "6"]
[White "Cancedda Dupuis, Livio"]
[Black "Birtwistle, Nigel"]
[Result "1-0"]
[WhiteElo "2053"]
[BlackElo "2025"]
[PlyCount "63"]
[EventDate "2025.03.01"]
[EventType "swiss (rapid)"]
[EventRounds "11"]
[EventCountry "ENG"]
[SourceTitle "CB10_2025"]
[SourceDate "2025.03.05"]
[SourceVersion "1"]
[SourceVersionDate "2025.03.05"]
[SourceQuality "1"]

1. Nf3 g6 2. d4 Bg7 3. e4 c5 4. dxc5 Qa5+ 5. Bd2 Qxc5 6. Bc3 Nf6 7. Bd3 0-0 8. 0-0 d6 9. Nbd2 Nc6 10. Nb3 Qb6 11. Qd2 Qc7 12. Rfe1 Rd8 13. Nbd4 a6 14. Nxc6 Qxc6 15. e5 dxe5 16. Nxe5 Qc7 17. Qf4 Qb8 18. Bc4 Rf8 19. Qf3 Bf5 20. g4 Bxc2 21. Nxf7 Qc7 22. Ne5+ Kh8 23. Qh3 b5 24. Bb3 Bxb3 25. Nxg6+ Kg8 26. Nxf8 Rxf8 27. axb3 b4 28. Be5 Qb6 29. Qd3 Nxg4 30. Qc4+ e6 31. Qxg4 Qxf2+ 32. Kh1 1-0

[Event "British Rapidplay"]
[Site "Peterborough"]
[Date "2025.03.01"]
[Round "3"]
[White "Kumar, Arnav"]
[Black "Cancedda Dupuis, Livio"]
[Result "0-1"]
[WhiteElo "1767"]
[BlackElo "2053"]
[PlyCount "72"]
[EventDate "2025.03.01"]
[EventType "swiss (rapid)"]
[EventRounds "11"]
[EventCountry "ENG"]
[SourceTitle "CB10_2025"]
[SourceDate "2025.03.05"]
[SourceVersion "1"]
[SourceVersionDate "2025.03.05"]
[SourceQuality "1"]

1. e4 c5 2. Nf3 Nc6 3. d4 cxd4 4. Nxd4 Nf6 5. Nc3 e5 6. Ndb5 d6 7. Nd5 Nxd5 8. exd5 Ne7 9. c4 Nf5 10. Be2 a6 11. Qa4 Bd7 12. Qd1 axb5 13. cxb5 Nd4 14. Be3 Nxe2 15. Qxe2 Qa5+ 16. Qd2 Qxd2+ 17. Kxd2 Bxb5 18. b3 Be7 19. a4 Bd7 20. Rac1 b5 21. axb5 Bxb5 22. Ra1 0-0 23. Rhc1 Rxa1 24. Rxa1 f5 25. Ra7 Bd8 26. f3 f4 27. Bf2 Bf1 28. Rd7 Ba5+ 29. Kc2 Rc8+ 30. Kb2 Bc3+ 31. Kb1 Bd3+ 32. Kc1 Be1+ 33. Kd1 Bxf2 34. Kd2 Bb5 35. Rxd6 Be3+ 36. Kd1 Rc1# 0-1

[Event "London Menchik Memorial Blitz op 3rd"]
[Site "London"]
[Date "2024.09.03"]
[Round "5"]
[White "Cancedda Dupuis, Livio"]
[Black "Wiratunga, Jenith"]
[Result "0-1"]
[WhiteElo "2193"]
[BlackElo "2089"]
[PlyCount "82"]
[EventDate "2024.09.03"]
[EventType "swiss (blitz)"]
[EventRounds "14"]
[EventCountry "ENG"]
[SourceTitle "EXT 2025"]
[Source "ChessBase"]
[SourceDate "2024.10.14"]
[SourceVersion "1"]
[SourceVersionDate "2024.10.14"]
[SourceQuality "1"]

1. Nf3 Nf6 2. c4 g6 3. e3 Bg7 4. Nc3 d6 5. d4 0-0 6. Be2 Nbd7 7. b3 e5 8. Bb2 Re8 9. 0-0 e4 10. Nd2 Nf8 11. Re1 h5 12. f3 exf3 13. Bxf3 N8h7 14. Nde4 Nxe4 15. Nxe4 Ng5 16. Nxg5 Qxg5 17. Qd2 Bh6 18. Qf2 c6 19. e4 Bg7 20. h4 Qa5 21. a3 Qb6 22. b4 a5 23. c5 Qc7 24. Qg3 Rd8 25. Rab1 axb4 26. axb4 Qe7 27. d5 dxc5 28. Bxg7 Kxg7 29. bxc5 Qxc5+ 30. Kh1 cxd5 31. exd5 Ra4 32. Qe5+ Kg8 33. Qg5 Qd6 34. Rbd1 Bf5 35. Re2 Bg4 36. Rde1 Bxf3 37. gxf3 Raa8 38. Re5 b5 39. Qh6 Qf8 40. Rxh5 Qxh6 41. Rxh6 Kg7 0-1

[Event "London Menchik Memorial Blitz op 3rd"]
[Site "London"]
[Date "2024.09.03"]
[Round "13"]
[White "Grose, Kameron"]
[Black "Cancedda Dupuis, Livio"]
[Result "0-1"]
[WhiteElo "1776"]
[BlackElo "2193"]
[PlyCount "50"]
[EventDate "2024.09.03"]
[EventType "swiss (blitz)"]
[EventRounds "14"]
[EventCountry "ENG"]
[SourceTitle "EXT 2025"]
[Source "ChessBase"]
[SourceDate "2024.10.14"]
[SourceVersion "1"]
[SourceVersionDate "2024.10.14"]
[SourceQuality "1"]

1. e4 c5 2. Nf3 a6 3. d4 cxd4 4. Nxd4 Nf6 5. f3 e5 6. Nb3 Nc6 7. Nc3 Bb4 8. Be3 d5 9. exd5 Nxd5 10. Bd2 Nxc3 11. Bxc3 Bxc3+ 12. bxc3 Qc7 13. Bd3 0-0 14. 0-0 Ne7 15. c4 Be6 16. c5 Bxb3 17. cxb3 Qxc5+ 18. Kh1 Rfd8 19. Qe2 g6 20. Rac1 Qa5 21. Rc2 Nc6 22. Qe4 Rd4 23. Qe3 Nb4 24. Rd2 Rad8 25. Rfd1 Nxd3 0-1

[Event "London Menchik Memorial Blitz op"]
[Site "London"]
[Date "2024.09.01"]
[Round "8"]
[White "Badacsonyi, Stanley Ethan Artie"]
[Black "Cancedda Dupuis, Livio"]
[Result "0-1"]
[WhiteElo "2332"]
[BlackElo "2193"]
[PlyCount "87"]
[EventDate "2024.09.01"]
[EventType "swiss (blitz)"]
[EventRounds "9"]
[EventCountry "ENG"]
[SourceTitle "CBM 221 Extra"]
[Source "ChessBase"]
[SourceDate "2024.09.30"]
[SourceVersion "1"]
[SourceVersionDate "2024.09.30"]
[SourceQuality "1"]

1. Nf3 Nf6 2. g3 e6 3. Bg2 c5 4. 0-0 Nc6 5. d3 d5 6. c4 d4 7. a3 a5 8. e3 e5 9. Re1 Be7 10. exd4 exd4 11. Nbd2 Bf5 12. Nb3 0-0 13. Bg5 Qd6 14. Bf4 Qd7 15. Ne5 Nxe5 16. Bxe5 a4 17. Bxf6 gxf6 18. Nc1 Rab8 19. Qf3 Bg6 20. Ne2 Bd6 21. Rad1 b5 22. cxb5 Rxb5 23. Rd2 Rfb8 24. Qxf6 Rxb2 25. Rxb2 Rxb2 26. Nf4 Bxf4 27. gxf4 Rb8 28. h4 Qf5 29. Qd6 Rf8 30. Re5 Qxf4 31. Qxc5 Qxh4 32. Be4 Qg4+ 33. Kf1 Rc8 34. Bc6 Bxd3+ 35. Ke1 Bg6 36. Kd2 Qf4+ 37. Ke1 Kg7 38. Re7 d3 39. Re3 d2+ 40. Kxd2 Qxf2+ 41. Kd1 Rxc6 42. Qd4+ Qf6 43. Re5 Qf1+ 44. Re1+ 0-1

[Event "London Menchik Memorial Blitz op"]
[Site "London"]
[Date "2024.09.01"]
[Round "4"]
[White "Cancedda Dupuis, Livio"]
[Black "Han, Yichen"]
[Result "1/2-1/2"]
[WhiteElo "2193"]
[BlackElo "2350"]
[PlyCount "100"]
[EventDate "2024.09.01"]
[EventType "swiss (blitz)"]
[EventRounds "9"]
[EventCountry "ENG"]
[SourceTitle "CBM 221 Extra"]
[Source "ChessBase"]
[SourceDate "2024.09.30"]
[SourceVersion "1"]
[SourceVersionDate "2024.09.30"]
[SourceQuality "1"]

1. d4 d5 2. c4 e6 3. Nc3 Nf6 4. Nf3 Nbd7 5. cxd5 exd5 6. Bf4 Nb6 7. e3 c6 8. Bd3 Be6 9. 0-0 Bd6 10. Bg3 Bxg3 11. hxg3 0-0 12. Rc1 Bg4 13. Qc2 Bxf3 14. gxf3 g6 15. Kg2 Kg7 16. b4 Qd6 17. Qb3 h5 18. a4 a6 19. b5 cxb5 20. axb5 a5 21. Na4 Nxa4 22. Qxa4 Rh8 23. Rh1 Nd7 24. e4 Nb6 25. Qa1 a4 26. e5 Qe6 27. f4 h4 28. f5 gxf5 29. gxh4 f4 30. Kf3 Nc4 31. Rcg1+ Kf8 32. Bxc4 dxc4 33. Qa3+ Ke8 34. Qc5 Rc8 35. Qa7 Qd5+ 36. Kg4 f3 37. Kg3 Qe4 38. Rh3 Ke7 39. Kh2 Qf4+ 40. Rgg3 Rxh4 41. Qxb7+ Kd8 42. Qb6+ Ke8 43. Qb7 Rxh3+ 44. Kxh3 Qf5+ 45. Kh2 Kf8 46. Qb6 Qe6 47. Qa5 Qh6+ 48. Kg1 Qc1+ 49. Kh2 Qh6+ 50. Kg1 Qc1+ 1/2-1/2

[Event "London Menchik Memorial Blitz op"]
[Site "London"]
[Date "2024.09.01"]
[Round "7"]
[White "Cancedda Dupuis, Livio"]
[Black "Sterck, Arno"]
[Result "1/2-1/2"]
[WhiteElo "2193"]
[BlackElo "2246"]
[PlyCount "92"]
[EventDate "2024.09.01"]
[EventType "swiss (blitz)"]
[EventRounds "9"]
[EventCountry "ENG"]
[SourceTitle "CBM 221 Extra"]
[Source "ChessBase"]
[SourceDate "2024.09.30"]
[SourceVersion "1"]
[SourceVersionDate "2024.09.30"]
[SourceQuality "1"]

1. d4 d5 2. c4 c6 3. Nc3 Nf6 4. cxd5 cxd5 5. Bf4 Nc6 6. e3 a6 7. Nf3 Bg4 8. Bd3 e6 9. h3 Bh5 10. 0-0 Be7 11. Rc1 0-0 12. Be2 Rc8 13. Ne5 Bxe2 14. Qxe2 Nxe5 15. Bxe5 Nd7 16. Bg3 Nb6 17. Qd3 Qd7 18. Rc2 Rc6 19. Rfc1 Rfc8 20. Ne2 Nc4 21. b3 Na3 22. Rxc6 Rxc6 23. Rxc6 Qxc6 24. f3 Nc2 25. a4 Nb4 26. Qc3 g6 27. Qxc6 Nxc6 28. Kf2 Bb4 29. Bc7 Kf8 30. Nf4 Ke7 31. Nd3 Kd7 32. Bb6 Bd6 33. Ke2 Nb4 34. Nxb4 Bxb4 35. Kd3 Kc6 36. Bd8 Bd6 37. Ba5 b5 38. Bd2 Be7 39. e4 bxa4 40. bxa4 Bd6 41. Kc2 Bg3 42. Kb3 Bf2 43. Kc3 Bg3 44. Kd3 Bc7 45. Ke2 Bb6 46. Kd3 Bc7 1/2-1/2

[Event "BCF-ch Major"]
[Site "Hull"]
[Date "2024.07.30"]
[Round "4"]
[White "Brencher, Paul"]
[Black "Cancedda Dupuis, Livio"]
[Result "0-1"]
[WhiteElo "1899"]
[BlackElo "2041"]
[PlyCount "132"]
[EventDate "2024.07.27"]
[EventType "swiss"]
[EventRounds "9"]
[EventCountry "ENG"]
[SourceTitle "CBM 221 Extra"]
[Source "ChessBase"]
[SourceDate "2024.09.30"]
[SourceVersion "1"]
[SourceVersionDate "2024.09.30"]
[SourceQuality "1"]

1. d4 Nf6 2. Nc3 d5 3. Bf4 a6 4. e3 e6 5. g4 Bb4 6. Nge2 Ne4 7. Bg2 Nxc3 8. Nxc3 b5 9. Qd3 Bb7 10. a3 Be7 11. e4 c6 12. exd5 cxd5 13. Na2 Nc6 14. c3 Qb6 15. b4 0-0 16. 0-0 Na7 17. Nc1 Nc8 18. Nb3 Qc6 19. Na5 Qd7 20. Nxb7 Qxb7 21. a4 bxa4 22. Rxa4 Nb6 23. Ra2 Rfc8 24. Rfa1 Nc4 25. Bf1 h6 26. Qh3 Bf6 27. Bd3 Rc6 28. Qf3 Rac8 29. Bxh6 Bxd4 30. cxd4 gxh6 31. Qf6 e5 32. Qf5 e4 33. Bxc4 dxc4 34. d5 Rd6 35. Qxe4 Rxd5 36. Qf4 Rcd8 37. f3 Rd1+ 38. Kg2 R8d4 39. Qf5 Qc7 40. Rxd1 Rxd1 41. Re2 c3 42. Qc2 Rd4 43. Qc1 Rxb4 44. Qxh6 Qd8 45. Qc1 Qf6 46. Re8+ Kg7 47. g5 Rb2+ 48. Kg3 Qd6+ 49. f4 Qd4 50. Re3 c2 51. Re4 Qc3+ 52. Re3 Rb1 53. Rxc3 Rxc1 54. Kg2 a5 55. f5 a4 56. h4 a3 57. h5 a2 58. f6+ Kh7 59. Rc7 a1Q 60. Rxf7+ Kg8 61. Rg7+ Kh8 62. h6 Rg1+ 63. Kh3 Qc3+ 64. Kh4 Rh1+ 65. Kg4 Qh3+ 66. Kf4 c1Q+ 0-1

[Event "BCF-ch U14 rapid"]
[Site "Hull"]
[Date "2024.07.26"]
[Round "1"]
[White "Mathur, Vihaan"]
[Black "Cancedda Dupuis, Livio"]
[Result "0-1"]
[WhiteElo "1640"]
[BlackElo "2018"]
[PlyCount "124"]
[EventDate "2024.07.26"]
[EventType "swiss (rapid)"]
[EventRounds "9"]
[EventCountry "ENG"]
[SourceTitle "CBM 221 Extra"]
[Source "ChessBase"]
[SourceDate "2024.09.30"]
[SourceVersion "1"]
[SourceVersionDate "2024.09.30"]
[SourceQuality "1"]

1. d4 Nf6 2. Nf3 e6 3. g3 c5 4. Bg2 Nc6 5. 0-0 cxd4 6. Nxd4 Bc5 7. Nxc6 bxc6 8. Nc3 d5 9. Bf4 0-0 10. e4 Ba6 11. Re1 Qb6 12. Qf3 Qxb2 13. Bf1 Bxf1 14. Rxf1 Bd4 15. Ne2 dxe4 16. Qg2 Bb6 17. Be3 Qxc2 18. Nd4 Qa4 19. Nb3 Bxe3 20. fxe3 Nd5 21. Rfe1 Nf6 22. Rac1 Rfd8 23. Re2 Rd5 24. h3 Rad8 25. Kh2 h6 26. Rcc2 Rd1 27. Nc5 Qb4 28. a3 Qxa3 29. Nxe4 Nxe4 30. Qxe4 c5 31. Ra2 Qd3 32. Qf3 a6 33. Rf2 f6 34. Rfe2 e5 35. Qc6 Qd5 36. Qxd5+ R8xd5 37. Rxa6 R5d2 38. Ra2 Rxe2+ 39. Rxe2 Rd7 40. Rc2 Rc7 41. Rc4 Kf7 42. g4 Ke6 43. e4 Kd6 44. Rc2 c4 45. Kg2 Kc5 46. Kf2 Kd4 47. Ke2 c3 48. Rc1 c2 49. Kd2 Kxe4 50. Ke2 Kf4 51. Kf2 e4 52. Kg2 e3 53. Rf1+ Ke4 54. Rc1 Kd3 55. Kg3 Kd2 56. Rh1 e2 57. Kh4 Rc5 58. Rg1 e1Q+ 59. Rg3 c1Q 60. g5 Qc4+ 61. Kh5 Qf7+ 62. Kh4 fxg5+ 0-1